| 000 | 00431nam a2200169Ia 4500 | ||
|---|---|---|---|
| 008 | 220204s9999 xx 000 0 und d | ||
| 082 |
_a632.982 _bMAT |
||
| 245 | 0 | _aApplication technology for crop protection | |
| 260 |
_aUK _bCABI _c1993 |
||
| 650 | _aAerial application | ||
| 650 | _aPest control | ||
| 650 | _aPlantation crops | ||
| 650 | _aSpray tracing technique | ||
| 700 | _aG A | ||
| 700 | _aHislop, E C | ||
| 942 | _cBK | ||
| 999 |
_c40748 _d40748 |
||